Llei 12/2009, del 10 de juliol, d'educació
Descripción Física:
327 p. ; 17 cm
Colección:
Textos legislatius ; 94
MARC
| LEADER | 00000nam a2200000Ia 4500 | ||
|---|---|---|---|
| 001 | 21943 | ||
| 008 | 160829s2009 xx 000 0 cat d | ||
| 080 | |a D-4-53 | ||
| 100 | |a Catalunya. Llei d'educació (2009) |9 45395 | ||
| 245 | |a Llei 12/2009, del 10 de juliol, d'educació | ||
| 250 | |a Ed. no venal | ||
| 260 | |a Barcelona : |b Parlament de Catalunya, |c 2009 | ||
| 300 | |a 327 p. ; |c 17 cm | ||
| 490 | |a Textos legislatius ; 94 | ||
| 590 | |a Títol a la coberta: Llei d'educació. | ||
| 590 | |a A la portada: Aprovada pel Ple del Parlament (tramitació núm. 200-00043/08) en la sessió núm. 59, de l'1 de juliol de 2009 (Diari de Sessions del Parlament de Catalunya, sèrie P, núm. 87/VIII); Publicada en el Butlletí Oficial del Parlament de Catalunya, núm. 509/VIII, del 8 de juliol de 2009; Promulgada el 17 de juliol de 2009 (Diari Oficial de la Generalitat de Catalunya, núm. 5422, del 16 de juliol de 2009). | ||
| 650 | |a Ensenyament |x Dret i legislació |x Catalunya |9 45396 | ||
| 710 | 1 | |a Catalunya. |b Parlament |9 11492 | |
| 901 | |a Arxiu | ||
| 942 | |n 1 | ||
| 952 | |0 1 |1 0 |2 udc |4 0 |5 2 |6 D453 |7 1 |9 52573 |a Arxiu |b Arxiu |d 2016-12-01 |l 0 |o D-4-53 |p 21943 |r 2016-12-01 00:00:00 |w 2016-12-01 |y ARXIU | ||
| 999 | |c 56422 |d 56422 | ||